书目信息 |
| 题名: |
室内外建筑效果图制作
|
|
| 作者: | 王波 , 谢成开 编著 | |
| 分册: | ||
| 出版信息: | 北京 清华大学出版社 2005.10 |
|
| 页数: | 252页 | |
| 开本: | 26cm | |
| 丛书名: | 21世纪高职高专艺术设计规划教材 | |
| 单 册: | ||
| 中图分类: | TU201.4 | |
| 科图分类: | ||
| 主题词: | 建筑设计--jian zhu she ji--计算机辅助设计--高等教育--教材 | |
| 电子资源: | ||
| ISBN: | 7-302-11429-3 | |
| 000 | 01091nam 2200265 450 | |
| 001 | 012006162125 | |
| 005 | 20060522150513.37 | |
| 010 | @a7-302-11429-3@dCNY42.00 (含光盘) | |
| 100 | @a20060506d2005 km y0chiy0120 ea | |
| 101 | 0 | @achi |
| 102 | @aCN@b110000 | |
| 105 | @aa z 000yy | |
| 200 | 1 | @a室内外建筑效果图制作@Ashi nei wai jian zhu xiao guo tu zhi zuo@f王波, 谢成开编著@Fwang bo,xie cheng kai bian zhu |
| 210 | @a北京@c清华大学出版社@d2005.10 | |
| 215 | @a252页@c图@d26cm@e光盘1片 | |
| 225 | 2 | @a21世纪高职高专艺术设计规划教材@A21 shi ji gao zhi gao zhuan yi shu she ji gui hua jiao cai |
| 307 | @a光盘 ISBN : 7-89494-814-4 | |
| 330 | @a本书系统地介绍基础知识、文件管理、模型建造、材质调制、摄像机控制、灯光调节、渲染等前期工作及效果图后期处理等各环节内容,提供了大量示例及图示。 | |
| 410 | 0 | @12001 @a21世纪高职高专艺术设计规划教材 |
| 606 | 0 | @a建筑设计@Ajian zhu she ji@x计算机辅助设计@x高等教育@j教材 |
| 690 | @aTU201.4@v4 | |
| 701 | 0 | @a王波@Awang bo@4编著 |
| 701 | 0 | @a谢成开@Axie cheng kai@4编著 |
| 801 | 0 | @aCN@bQSSK@c20060522 |
| 905 | @a10447@dTU201.4@eW116 | |
| 室内外建筑效果图制作/王波, 谢成开编著.-北京:清华大学出版社,2005.10 |
| 252页:图;26cm+光盘1片.-(21世纪高职高专艺术设计规划教材) |
| ISBN 7-302-11429-3:CNY42.00 (含光盘) |
| 本书系统地介绍基础知识、文件管理、模型建造、材质调制、摄像机控制、灯光调节、渲染等前期工作及效果图后期处理等各环节内容,提供了大量示例及图示。 |
| ● |
| 相关链接 |
|
|
|
正题名:室内外建筑效果图制作
索取号:TU201.4/W116
 
预约/预借
| 序号 | 登录号 | 条形码 | 馆藏地/架位号 | 状态 | 备注 |
| 1 | 580082 | 205800828 | 建筑库101/101建筑库 35排4列5层/ [索取号:TU201.4/W116] | 在馆 | |
| 2 | 580083 | 205800837 | 建筑库101/101建筑库 35排4列5层/ [索取号:TU201.4/W116] | 在馆 | |
| 3 | 580084 | 205800846 | 建筑库101/101建筑库 35排4列5层/ [索取号:TU201.4/W116] | 在馆 |